The false dilemma: (Record no. 370)
[ view plain ]
| 000 -LEADER | |
|---|---|
| fixed length control field | 00532nam a2200193 4500 |
| 003 - CONTROL NUMBER IDENTIFIER | |
| control field | OSt |
| 005 - DATE AND TIME OF LATEST TRANSACTION | |
| control field | 20140908145324.0 |
| 008 - FIXED-LENGTH DATA ELEMENTS--GENERAL INFORMATION | |
| fixed length control field | 140908b xxu||||| |||| 00| 0 eng d |
| 020 ## - INTERNATIONAL STANDARD BOOK NUMBER | |
| International Standard Book Number | 1856496902 |
| 040 ## - CATALOGING SOURCE | |
| Transcribing agency | 040a |
| 082 ## - DEWEY DECIMAL CLASSIFICATION NUMBER | |
| Edition number | 19 |
| Classification number | 337 |
| Item number | UGA 2001 |
| 100 ## - MAIN ENTRY--PERSONAL NAME | |
| Personal name | Ugarteche,Oscar |
| 9 (RLIN) | 951 |
| 245 ## - TITLE STATEMENT | |
| Title | The false dilemma: |
| Remainder of title | Globalization, opportunity or threat? / |
| Statement of responsibility, etc. | Oscar Ugarteche |
| 260 ## - PUBLICATION, DISTRIBUTION, ETC. (IMPRINT) | |
| Place of publication, distribution, etc. | London |
| Name of publisher, distributor, etc. | Zed books |
| Date of publication, distribution, etc. | 2001 |
| 300 ## - PHYSICAL DESCRIPTION | |
| Extent | xv, 239p |
| Other physical details | ill |
| Dimensions | 12 cm. |
| 504 ## - BIBLIOGRAPHY, ETC. NOTE | |
| Bibliography, etc | includes index |
| 650 ## - SUBJECT ADDED ENTRY--TOPICAL TERM | |
| Topical term or geographic name as entry element | Globalization |
| 9 (RLIN) | 952 |
| 942 ## - ADDED ENTRY ELEMENTS (KOHA) | |
| Source of classification or shelving scheme | Dewey Decimal Classification |
| Koha item type | Short Loan |
| Withdrawn status | Lost status | Source of classification or shelving scheme | Damaged status | Not for loan | Home library | Current library | Date acquired | Source of acquisition | Inventory number | Total Checkouts | Full call number | Barcode | Date last seen | Price effective from | Koha item type |
|---|---|---|---|---|---|---|---|---|---|---|---|---|---|---|---|
| Dewey Decimal Classification | MUST Main Library | MUST Main Library | 08/09/2014 | 2003/19171 | 337 UGA 2001 | 2014-2509 | 08/09/2014 | 08/09/2014 | Short Loan | ||||||
| Dewey Decimal Classification | MUST Main Library | MUST Main Library | 23/10/2014 | 2003/19170 | 337 UGA 2001 | 2014-3128 | 23/10/2014 | 23/10/2014 | Short Loan |
